|
|
|
|
| LEADER |
00000cam a2200000 7i4500 |
| 001 |
0000013369 |
| 005 |
20080304.0 |
| 008 |
080111 |
| 020 |
|
|
|a 9839188267
|
| 090 |
0 |
0 |
|a 297.577
|b ABR
|
| 100 |
0 |
|
|a Al-Abraasyi,M. 'Atiyyah
|b Prof.Dr.
|
| 245 |
1 |
0 |
|a Memilih jodoh dan berumahtangga :
|b nikah-poligami-cerai menurut Nabi s.a.w.
|c Prof. Dr. M. 'Atiyyah Al-Abraasyi
|
| 260 |
|
|
|a Kuala Lumpur :
|b Al-Hidayah ,
|c 1995
|
| 650 |
|
0 |
|a Family
|x Religious aspects
|x Islam
|
| 650 |
|
0 |
|a Marriage
|x religious aspects
|x Islam
|
| 999 |
|
|
|a 0001008979
|b Book
|c Adult Collection
|e Perbadanan Perpustakaan Awam Johor
|
| 999 |
|
|
|a 0001008980
|b Book
|c Adult Collection
|e Perbadanan Perpustakaan Awam Johor
|
| 999 |
|
|
|a 0001008981
|b Book
|c Adult Collection
|e Perbadanan Perpustakaan Awam Johor
|